000
00342 a2200157 4500
001
69073
020
_a
1405051027
040
_c
Anchieta - Itaigara
100
_a
Redfern, Katherine
240
1
0
_a
Buggy buddies
_l
Ing
245
1
0
_a
Buggy buddies
300
_a
10
362
0
_a
1999
650
4
_a
Literatura infantil em inglês
942
_c
BK
999
_c
69073
_d
69073